00961 2200325 4500001002100000005001500021035002500036020002200061040001200083041000800095082001600103084001600119090002200135100002100157245010200178250001800280260003700298300004100335500003000376500005000406650002300456650001800479850001200497999002200509007000300531008004100534990002200575990001800597990002000615INLIS00000000001950020250806010928 a0010-041600000000504 a978-602-7879-11-3 aYOPDYOG1 aind042[23]a731.4 a731.4 SUN s aCB-D.11 2014-20900 aSUNARTOd, 1957-0 aSeni tatah sungging kulit :b: bentuk, teknik, alat, bahan, dan proses perwujudannya /c/ Sunarto aEd. 1, Cet. 2 aYogyakarta :bCipta Media,c2014 axiv, 147 hlm. :b: ilus. ;c; 21 cm. aBibliografi: hlm. 145-147 aDiterbitkan bekerjasama dengan ISI Yogyakarta 4aSeni Pahat (kulit) 4aSeni Sungging aYOPDYOG aCB-D.11/2014-2090ta160427s2014 yoia g ind d aCB-D.11/2014-2090 a58456-PD/A.18 a73615-PD/A.2025